Khảo sát khả năng kháng oxy hóa của cây rau sam (portulaca oleracea L.) : Báo cáo tổng kết đề tài khoa học và công nghệ cấp Trường
Đánh giá hoạt tính kháng oxy hóa của rau sam (Portulaca aleracea L.) trên cả hai phương pháp in vitro và in vivo.
Uloženo v:
| Hlavní autor: | |
|---|---|
| Médium: | Kniha |
| Jazyk: | Undetermined |
| Vydáno: |
Cần Thơ
Trường Đại học Cần Thơ
2016
|
| Témata: | |
| Tagy: |
Přidat tag
Žádné tagy, Buďte první, kdo otaguje tento záznam!
|
| Thư viện lưu trữ: | Trung tâm Học liệu Trường Đại học Cần Thơ |
|---|
| LEADER | 01085nam a2200241Ia 4500 | ||
|---|---|---|---|
| 001 | CTU_210198 | ||
| 008 | 210402s9999 xx 000 0 und d | ||
| 082 | |a 547.7 | ||
| 082 | |b Th108 | ||
| 088 | |a T2015-44 | ||
| 100 | |a Trương, Thị Phương Thảo | ||
| 245 | 0 | |a Khảo sát khả năng kháng oxy hóa của cây rau sam (portulaca oleracea L.) : | |
| 245 | 0 | |b Báo cáo tổng kết đề tài khoa học và công nghệ cấp Trường | |
| 245 | 0 | |c Trương Thị Phương Thảo (chủ nhiệm đề tài) | |
| 260 | |a Cần Thơ | ||
| 260 | |b Trường Đại học Cần Thơ | ||
| 260 | |c 2016 | ||
| 520 | |a Đánh giá hoạt tính kháng oxy hóa của rau sam (Portulaca aleracea L.) trên cả hai phương pháp in vitro và in vivo. | ||
| 650 | |a Biochemical engineering,Biochemical oxygen demand,Kỹ thuật sinh hoá,Oxy sinh hóa | ||
| 650 | |x Research,Nghiên cứu | ||
| 904 | |i Trần Hoàng Phúc,Qhieu | ||
| 915 | |a TN | ||
| 980 | |a Trung tâm Học liệu Trường Đại học Cần Thơ | ||